000 01004nam a2200241 a 4500
001 38456
003 BD-RjUL
005 20211209052812.0
008 151208s1998 ii ||||| |||| 00| 0 ben d
020 _a817616030X
_c : Tk.125
035 _a(BD-RjUL)38561
040 _aBD-RjUL
_bben
_cBD-RjUL
041 _aben
082 _a891.44109
_bSEJ 1998
_223
100 _aসেনমজুমদার, জহর
_9118747
245 _aজীবনানন্দ ও অন্ধকারের চিত্রনাট্য /
_cজহর সেনমজুমদার.
260 _aকলকাতা :
_bমডেল পাবলিশিং হাউস,
_c১৯৯৮.
300 _a৩৯২ পৃ. ;
_c২২ সেমি.
600 _aDas, Jibanananda,
_d1899-1954
_xCriticism and interpretation.
_9191707
650 _aবাংলা কবিতা
_vইতিহাস ও সমালোচনা
_9117724
650 _aBengali Poetry
_vHistory and Criticism
_9117725
942 _2ddc
_cBK
_01
999 _c38456
_d38456